000 01378nam a22003374i 4500
001 198121
005 20260527233618.0
007 zu
008 260224s2025 sp a ob 000|0 spa d
020 _z978-84-1081-532-2
040 _aUPNA
_bspa
_cES-MaACL
084 _aE658
130 4 _aLas adicciones en la literatura
_9242842
245 1 4 _aLas adicciones en la literatura /
_cLuis Fernando Alguacil, Antonio Piñas, directores ; autores, Alguacil Merino, Luis Fernando [y otros veinte].
264 1 _aValencia :
_bTirant Humanidades,
_c2025.
300 _a334 páginas
_bilustraciones.
_c22 cm
336 _aTexto
_btxt
_2rdacontent
490 1 _aPlural
500 _aRegistro provisional. A-16087. Depósito 1
504 _aBibliografía en cada capítulo.
650 4 _aPsicología en la literatura
_9242843
650 4 _aAdicción a sustancias
_9242844
700 1 _aAlguacil Merino, Luis Fernando,
_919905
700 1 _aPiñas Mesa, Antonio,
_9242846
710 2 _aTirant biblioteca virtual (plataforma)
_9242847
852 _aES-MaACL
_cDEPO1
_jA-16087
_gDedicatoria autógrafa de Luis Fernando Alguacil
_hDonación: Luis Fernando Alguacil
_xEncuadernación rustica
_zEn proceso
942 _2udc
_cMONOGRAFIA
_n0
999 _c198121
_d198121